Ma dose quotidienne de philo : 365 notions de philo (notice n° 1567545)
[ vue normale ]
| 000 -LEADER | |
|---|---|
| fixed length control field | 01196cam a2200133 4500500 |
| 005 - DATE AND TIME OF LATEST TRANSACTION | |
| control field | 20251214002840.0 |
| 041 ## - LANGUAGE CODE | |
| Language code of text/sound track or separate title | fre |
| 042 ## - AUTHENTICATION CODE | |
| Authentication code | dc |
| 100 10 - MAIN ENTRY--PERSONAL NAME | |
| Personal name | Soumet, Hélène |
| Relator term | author |
| 245 00 - TITLE STATEMENT | |
| Title | Ma dose quotidienne de philo : 365 notions de philo |
| 260 ## - PUBLICATION, DISTRIBUTION, ETC. | |
| Name of publisher, distributor, etc. | Armand Colin,<br/> |
| Date of publication, distribution, etc. | 2021.<br/> |
| 520 ## - SUMMARY, ETC. | |
| Summary, etc. | La collection « Ma dose quotidienne » vous embarque pour un tour du monde de la philosophie en 365 jours ! Au fil des pages, retrouvez les idées clés et les personnages connus ou anonymes les plus marquants.Pouvez-vous prouver que votre réalité n’est pas un rêve ? d’où vient l’expression « avoir des atomes crochus » ? Machiavel était-il vraiment machiavélique ? quelle place ont occupé les femmes philosophes ? Des présocratiques aux contemporains, en passant par la Chine et l’Inde, Hélène Soumet vous racontera comment les philosophes ont perçu et compris le monde à travers les époques.Ponctué d’anecdotes ou de citations édifiantes, ce livre est à dévorer d’une seule traite ou à picorer en fonction de vos envies ! |
| 856 41 - ELECTRONIC LOCATION AND ACCESS | |
| Uniform Resource Identifier | <a href="https://shs.cairn.info/ma-dose-quotidienne-de-philo--9782200627317?lang=fr&redirect-ssocas=7080">https://shs.cairn.info/ma-dose-quotidienne-de-philo--9782200627317?lang=fr&redirect-ssocas=7080</a> |
Pas d'exemplaire disponible.




Réseaux sociaux